000 00441nam a2200193Ia 4500
008 151119s9999||||xx |||||||||||||| ||und||
082 _a928.9146
082 _bGKKV25557
100 _aरोकडे ल स
245 _aझळा
260 _a--
260 _b--
260 _c1986
600 _aरोकडे ल स
630 _aझळा
700 _aरोकडे ल स
730 _aझळा
942 _cBOOK
999 _c1078067
_d1078064